| 000 | 02021nab a2200325 a 4500 | ||
|---|---|---|---|
| 005 | 20210219162449.0 | ||
| 008 | 991125s1985 mx 000 0 spa u | ||
| 035 | _aUPN01000204554 | ||
| 049 | _aART-E | ||
| 100 | 1 | _aCora, Gabriel Darío | |
| 100 | 1 | _ugcorasavino@yahoo.com.ar | |
| 100 | 1 | _aRodríguez, Martha | |
| 100 | 1 | _umrod@fibertel.com.ar | |
| 222 | 0 | _aESPACIO, TIEMPO Y EDUCACION | |
| 245 | 0 | 0 | _aConstruyendo la «Nueva Argentina». Cultura Ciudadana y la consolidación de la política educativa del peronismo (1952-1955) |
| 260 | _aEspaña | ||
| 300 | _a187-205 | ||
| 362 | 0 | _a2015 Vol. 2, no. 1, ene.-jun. | |
| 520 | 3 | _aSi bien durante el primer gobierno peronista las intervenciones y reformas fueron en sus inicios poco significativas en lo que atañe a los contenidos curriculares, hacia fines de la década de 1940 conciencia cívica y Justicialismo comenzaban a aventurarse en el sistema educativo argentino. Los planes de estudio para el Nivel Medio se reordenaban y, poco tiempo después, se incluyó entre el conjunto de materias la asignatura Cultura Ciudadana, vigente entre marzo de 1953 y octubre de 1955. Ésta se constituyó en plataforma de difusión de los postulados introducidos en la Reforma Constitucional de 1949 y en el Segundo Plan Quinquenal, y es el objeto de estudio de este artículo. A partir del estudio de los libros de texto y los programas de Cultura Ciudadana se analiza la vinculación entre educación y política en el período considerado, al mismo tiempo que las formas y características con que el núcleo dogmático del peronismo clásico se capilariza en la sociedad. | |
| 653 | 0 | _aLIBROS DE TEXTO | |
| 653 | 0 | _aSISTEMA EDUCATIVO | |
| 653 | 0 | _aCULTURA CIUDADANA | |
| 653 | 0 | _aPERONISMO | |
| 856 | 4 | _uhttp://www.espaciotiempoyeducacion.com/ojs/index.php/ete/article/view/22/30 | |
| 905 | _aArticulo | ||
| 336 | _atexto$2rdacontent | ||
| 337 | _acomputadora$2rdamedia | ||
| 338 | _arecurso en linea$2rdacarrier | ||
| 999 |
_c176655 _d176655 |
||